000 00225 a2200097 4500
000 nam a22 7a 4500
005 20260210153200.0
100 _aDiamond, Jared
_91114870
245 _aGuns Germs and Steel
942 _cTEXL
999 _c1679114
_d1679114